Analysis of Business Model of Start-ups
Start-up ako atraktívna forma podnikania. Obchodné modely začínajúcich podnikov, ktoré prechádzajú cez metamorfózy Obchodný a investičný cyklus a úroveň ich vývoja a funkčnosti.
Uložené v:
| Hlavný autor: | |
|---|---|
| Médium: | Kapitola |
| Jazyk: | English |
| Predmet: | |
| Tagy: |
Žiadne tagy, Buďte prvý, kto otaguje tento záznam!
|
MARC
| LEADER | 00000nla a2200000 4500 | ||
|---|---|---|---|
| 001 | 0229822 | ||
| 005 | 20240502073759.4 | ||
| 041 | 0 | |a eng | |
| 044 | |a SK | ||
| 245 | 1 | 0 | |a Analysis of Business Model of Start-ups |c Štefan Slávik |
| 520 | |a Start-up ako atraktívna forma podnikania. Obchodné modely začínajúcich podnikov, ktoré prechádzajú cez metamorfózy Obchodný a investičný cyklus a úroveň ich vývoja a funkčnosti. | ||
| 610 | 2 | 0 | |a modely podnikateľské |
| 610 | 2 | 0 | |a start-up |
| 610 | 2 | 0 | |a stratégia podnikateľská |
| 610 | 2 | 0 | |a financovanie podnikov |
| 610 | 2 | 0 | |a riadenie podnikové |
| 100 | 1 | |a Slávik, Štefan, 1955- | |